000 00520nam a2200181Ia 4500
005 20250317121104.0
008 008 250317s9999 xx 000 0 eng d
037 _aTextbook
040 _aFMSL
_beng
_cFMSL
041 _aeng
_2eng
084 _aX:2 L4
_qFMSL
100 _aBackmann M
_9736786
245 0 _aLecture notes in economics and mathematical systems
260 _aNY
_bNY, Springer-Verlag
_c1974
300 _a386p
942 _cTB
_hX:2 L4
999 _c1241521
_d1241521